[Event "Ruhrgebiet Verbandsliga Gruppe 2 1819"]
[Site "Nordrheinwestfalen"]
[Date "2019.03.24"]
[Round "8.4"]
[White "Berg, Dietmar"]
[Black "Berger, Konstantin"]
[Result "0-1"]
[WhiteElo "1965"]
[BlackElo "2059"]
[PlyCount "62"]
[EventDate "2018.09.23"]
[EventType "team-tourn"]
[EventRounds "9"]
[EventCountry "GER"]
[SourceTitle "EXT 2022"]
[Source "ChessBase"]
[SourceDate "2021.10.06"]
[SourceVersion "1"]
[SourceVersionDate "2021.10.06"]
[SourceQuality "1"]
[WhiteTeam "Gladbeck SG"]
[BlackTeam "Essen Werden"]
[WhiteTeamCountry "GER"]
[BlackTeamCountry "GER"]

1. d4 Nf6 2. Nf3 g6 3. Bg5 Bg7 4. Nbd2 d5 5. e3 0-0 6. c4 Ne4 7. Nxe4 dxe4 8. Nd2 c5 9. Nxe4 h6 10. Bxe7 Qxe7 11. Nxc5 Nc6 12. Be2 Re8 13. Nb3 a5 14. 0-0 a4 15. Nc1 f5 16. Bd3 Kh7 17. Ne2 Nb4 18. Re1 Be6 19. Nf4 Bf7 20. Bf1 Rec8 21. a3 Nc6 22. Rc1 Qd7 23. Bd3 Na5 24. Qe2 Re8 25. Qf3 Rac8 26. c5 Nb3 27. Rcd1 Re7 28. Nh5 Bh8 29. Qh3 Rce8 30. Nf4 Nxd4 31. Bf1 Qc7 0-1

[Event "Ruhrgebiet Verbandsliga Gruppe 2 1819"]
[Site "Nordrheinwestfalen"]
[Date "2018.11.04"]
[Round "3.4"]
[White "Berg, Dietmar"]
[Black "Hinkmann, Jens"]
[Result "1/2-1/2"]
[WhiteElo "1965"]
[BlackElo "2009"]
[PlyCount "61"]
[EventDate "2018.09.23"]
[EventType "team-tourn"]
[EventRounds "9"]
[EventCountry "GER"]
[SourceTitle "EXT 2022"]
[Source "ChessBase"]
[SourceDate "2021.10.06"]
[SourceVersion "1"]
[SourceVersionDate "2021.10.06"]
[SourceQuality "1"]
[WhiteTeam "Gladbeck SG"]
[BlackTeam "Bochum SV II"]
[WhiteTeamCountry "GER"]
[BlackTeamCountry "GER"]

1. d4 d5 2. Nf3 Nc6 3. e3 Bg4 4. Be2 e6 5. Nbd2 Nf6 6. 0-0 Be7 7. b3 0-0 8. Bb2 Ne4 9. Ne5 Nxe5 10. dxe5 Bxe2 11. Qxe2 Nxd2 12. Qxd2 c6 13. Rfd1 Qb6 14. Qe1 Qb4 15. Bc3 Qe4 16. Rd3 Rfd8 17. Qd2 c5 18. Rd1 b5 19. f3 Qh4 20. g3 Qh5 21. Kg2 Rdc8 22. Ba1 Qg6 23. c4 dxc4 24. bxc4 b4 25. Rd7 Bf8 26. e4 h5 27. Qf4 a5 28. R1d3 a4 29. Qd2 a3 30. Rb7 Qh6 31. Qd1 1/2-1/2

[Event "Ruhrgebiet Verbandsliga Gruppe 2 1718"]
[Site "Germany"]
[Date "2018.02.04"]
[Round "6.4"]
[White "Berg, Dietmar"]
[Black "Boehle, Lars"]
[Result "0-1"]
[WhiteElo "1969"]
[BlackElo "2109"]
[PlyCount "54"]
[EventDate "2017.09.17"]
[EventType "team-tourn"]
[EventRounds "9"]
[EventCountry "GER"]
[SourceTitle "EXT 2022"]
[Source "ChessBase"]
[SourceDate "2021.10.06"]
[SourceVersion "1"]
[SourceVersionDate "2021.10.06"]
[SourceQuality "1"]
[WhiteTeam "Gladbeck SG"]
[BlackTeam "Bochum SG III"]
[WhiteTeamCountry "GER"]
[BlackTeamCountry "GER"]

1. d4 e6 2. e4 d5 3. exd5 exd5 4. Bd3 Bd6 5. Nf3 Ne7 6. 0-0 Bg4 7. Re1 Nbc6 8. c3 Qd7 9. Nbd2 0-0-0 10. Qa4 Kb8 11. Be2 f6 12. Bd1 Ng6 13. Nf1 h5 14. Be3 Nf4 15. Bxf4 Bxf4 16. Be2 h4 17. Qc2 g5 18. Qd1 Bf5 19. Bb5 Rdg8 20. N3d2 g4 21. Nb3 g3 22. Nc5 gxh2+ 23. Kh1 Qd6 24. Qa4 Bh3 25. Ne3 Bxe3 26. gxh3 Bxf2 27. Rf1 Qg3 0-1

[Event "Ruhrgebiet Verbandsliga Gruppe 2 1718"]
[Site "Germany"]
[Date "2017.12.03"]
[Round "4.3"]
[White "Birdaini, Becir"]
[Black "Berg, Dietmar"]
[Result "1/2-1/2"]
[WhiteElo "2010"]
[BlackElo "1969"]
[PlyCount "111"]
[EventDate "2017.09.17"]
[EventType "team-tourn"]
[EventRounds "9"]
[EventCountry "GER"]
[SourceTitle "EXT 2022"]
[Source "ChessBase"]
[SourceDate "2021.10.06"]
[SourceVersion "1"]
[SourceVersionDate "2021.10.06"]
[SourceQuality "1"]
[WhiteTeam "Altenessen"]
[BlackTeam "Gladbeck SG"]
[WhiteTeamCountry "GER"]
[BlackTeamCountry "GER"]

1. e4 c5 2. Nf3 d6 3. Nc3 Nf6 4. Bb5+ Bd7 5. Bxd7+ Qxd7 6. d3 g6 7. 0-0 Nc6 8. Re1 Bg7 9. Bd2 0-0 10. Qc1 Rfe8 11. h3 Rac8 12. Ne2 b5 13. Ng3 Nd4 14. Nh2 b4 15. c3 bxc3 16. bxc3 Nc6 17. Qc2 Rb8 18. Rab1 Rec8 19. Nhf1 Qd8 20. Ne3 e6 21. Qa4 Qc7 22. d4 Nd7 23. d5 Nce5 24. Qa6 c4 25. Rf1 Nc5 26. Qa3 Ncd3 27. f4 Nd7 28. f5 exf5 29. exf5 Be5 30. Ne4 Rxb1 31. Rxb1 Rb8 32. Rf1 Qb6 33. fxg6 hxg6 34. Qa4 Bf4 35. Qxd7 Bxe3+ 36. Kh2 Ne5 37. Bxe3 Nxd7 38. Bxb6 Rxb6 39. Nf6+ Nxf6 40. Rxf6 Ra6 41. Rf4 Rxa2 42. Rxc4 Rd2 43. Ra4 Rxd5 44. Rxa7 Rc5 45. Ra3 Kg7 46. Kg3 Kf6 47. Kf4 Rc4+ 48. Ke3 Ke5 49. g3 Re4+ 50. Kd2 Ke6 51. Ra8 Kd5 52. Rf8 Re7 53. Kd3 Ke5 54. c4 g5 55. Rb8 f6 56. Rh8 1/2-1/2

[Event "Ruhrgebiet Verbandsliga Gruppe 2 1617"]
[Site "Germany"]
[Date "2017.01.29"]
[Round "6.4"]
[White "Schiefelbusch, Dirk"]
[Black "Berg, Dietmar"]
[Result "1/2-1/2"]
[WhiteElo "2043"]
[BlackElo "1997"]
[PlyCount "57"]
[EventDate "2016.09.04"]
[EventType "team-tourn"]
[EventRounds "9"]
[EventCountry "GER"]
[SourceTitle "EXT 2022"]
[Source "ChessBase"]
[SourceDate "2021.10.06"]
[SourceVersion "1"]
[SourceVersionDate "2021.10.06"]
[SourceQuality "1"]
[WhiteTeam "Dortmund Hansa II"]
[BlackTeam "Gladbeck SG"]
[WhiteTeamCountry "GER"]
[BlackTeamCountry "GER"]

1. Nf3 c5 2. c4 Nc6 3. Nc3 Nf6 4. d4 cxd4 5. Nxd4 g6 6. e4 d6 7. Be2 Bg7 8. Be3 Bd7 9. 0-0 0-0 10. b3 Qa5 11. Rc1 Rfc8 12. Nxc6 bxc6 13. h3 Rd8 14. Qd2 Qc7 15. Rfd1 Qb7 16. f4 Rac8 17. Bf3 Qb8 18. Qf2 Rc7 19. Rd3 Ne8 20. Rcd1 Qb4 21. Qd2 Rb7 22. Qc2 Rc8 23. Na4 Qa5 24. Kh1 Rbb8 25. Qf2 c5 26. Nxc5 Bc6 27. Na4 Bxa4 28. bxa4 Rxc4 29. Bxa7 1/2-1/2

[Event "Ruhrgebiet Regionalliga 1516"]
[Site "Germany"]
[Date "2016.03.13"]
[Round "7.4"]
[White "Berg, Dietmar"]
[Black "Koehn, Peter"]
[Result "0-1"]
[WhiteElo "1989"]
[BlackElo "2154"]
[PlyCount "86"]
[EventDate "2015.09.13"]
[EventType "team-tourn"]
[EventRounds "9"]
[EventCountry "GER"]
[SourceTitle "EXT 2022"]
[Source "ChessBase"]
[SourceDate "2021.10.06"]
[SourceVersion "1"]
[SourceVersionDate "2021.10.06"]
[SourceQuality "1"]
[WhiteTeam "Gladbeck SG"]
[BlackTeam "Wattenscheid SV II"]
[WhiteTeamCountry "GER"]
[BlackTeamCountry "GE2"]

1. d4 Nf6 2. Nf3 g6 3. Bg5 Bg7 4. Nbd2 d6 5. e4 h6 6. Bh4 g5 7. Bg3 Nh5 8. c3 e6 9. Bd3 Nc6 10. Qe2 Qe7 11. Nc4 Bd7 12. Nfd2 Nxg3 13. hxg3 0-0-0 14. 0-0-0 f5 15. exf5 exf5 16. Qxe7 Nxe7 17. Rde1 Rde8 18. Re2 Kd8 19. Rhe1 Rhf8 20. Na5 Bc8 21. Ndc4 Nd5 22. Ne3 Nxe3 23. Rxe3 Rxe3 24. Rxe3 f4 25. gxf4 Rxf4 26. f3 d5 27. Bg6 Rf8 28. Kd2 Bf6 29. Ke2 Be7 30. Bh5 Bd6 31. Bg4 Bf4 32. Rd3 Re8+ 33. Kf2 Bxg4 34. fxg4 b6 35. Nb3 Re4 36. Rh3 a5 37. g3 Be3+ 38. Kf3 a4 39. Na1 Bc1 40. Rh2 Re3+ 41. Kf2 Rd3 42. Ke1 Rxg3 43. Rc2 Bf4 0-1

[Event "Ruhrgebiet Regionalliga 1516"]
[Site "Germany"]
[Date "2016.01.17"]
[Round "5.4"]
[White "Berg, Dietmar"]
[Black "Linde, Wolfgang"]
[Result "1/2-1/2"]
[WhiteElo "1989"]
[BlackElo "2115"]
[PlyCount "42"]
[EventDate "2015.09.13"]
[EventType "team-tourn"]
[EventRounds "9"]
[EventCountry "GER"]
[SourceTitle "EXT 2022"]
[Source "ChessBase"]
[SourceDate "2021.10.06"]
[SourceVersion "1"]
[SourceVersionDate "2021.10.06"]
[SourceQuality "1"]
[WhiteTeam "Gladbeck SG"]
[BlackTeam "Welper SV"]
[WhiteTeamCountry "GER"]
[BlackTeamCountry "GER"]

1. d4 d5 2. Nf3 Nc6 3. Bf4 Bg4 4. e3 e6 5. h3 Bh5 6. Be2 Bd6 7. c3 Bxf4 8. exf4 Bxf3 9. Bxf3 Nf6 10. Nd2 Qd6 11. g3 h5 12. h4 Ne7 13. Qa4+ c6 14. Qc2 Nf5 15. Be2 g6 16. Bd3 Kf8 17. Nf3 Kg7 18. 0-0 Rhe8 19. Rfe1 Re7 20. Re2 Rae8 21. Rae1 a6 1/2-1/2

[Event "Ruhrgebiet Regionalliga 1516"]
[Site "Germany"]
[Date "2015.09.13"]
[Round "1.3"]
[White "Rueberg, Jobst"]
[Black "Berg, Dietmar"]
[Result "1/2-1/2"]
[WhiteElo "2042"]
[BlackElo "1989"]
[PlyCount "70"]
[EventDate "2015.09.13"]
[EventType "team-tourn"]
[EventRounds "9"]
[EventCountry "GER"]
[SourceTitle "EXT 2022"]
[Source "ChessBase"]
[SourceDate "2021.10.06"]
[SourceVersion "1"]
[SourceVersionDate "2021.10.06"]
[SourceQuality "1"]
[WhiteTeam "Ahlen SV"]
[BlackTeam "Gladbeck SG"]
[WhiteTeamCountry "GER"]
[BlackTeamCountry "GER"]

1. e4 c5 2. Nf3 d6 3. Bb5+ Bd7 4. Bxd7+ Qxd7 5. 0-0 Nc6 6. c3 Nf6 7. d4 cxd4 8. cxd4 d5 9. e5 Ne4 10. Ne1 h6 11. Be3 e6 12. Nd3 Be7 13. f3 Ng5 14. Nc3 0-0 15. Ne2 b6 16. Nef4 Na5 17. b3 Rfc8 18. Qd2 Bf8 19. Nh5 Qe7 20. Rac1 Nh7 21. f4 Qh4 22. Ng3 Qd8 23. Ne2 Ba3 24. Rxc8 Rxc8 25. f5 exf5 26. Rxf5 Qc7 27. Rf1 Nc6 28. Qe1 Ne7 29. Qf2 Rf8 30. Ng3 Qc3 31. Nf4 Ng5 32. Nfh5 Qb2 33. Bxg5 Qxf2+ 34. Rxf2 hxg5 35. Re2 Rc8 1/2-1/2

[Event "Ruhrgebiet Verbandsliga Gruppe 1 1415"]
[Site "Germany"]
[Date "2015.04.26"]
[Round "9.4"]
[White "Boehm, Ingo"]
[Black "Berg, Dietmar"]
[Result "1/2-1/2"]
[WhiteElo "2020"]
[BlackElo "1988"]
[PlyCount "34"]
[EventDate "2014.09.21"]
[EventType "team-tourn"]
[EventRounds "9"]
[EventCountry "GER"]
[SourceTitle "EXT 2022"]
[Source "ChessBase"]
[SourceDate "2021.10.06"]
[SourceVersion "1"]
[SourceVersionDate "2021.10.06"]
[SourceQuality "1"]
[WhiteTeam "Bochum-Linden"]
[BlackTeam "Gladbeck SG"]
[WhiteTeamCountry "GER"]
[BlackTeamCountry "GER"]

1. e4 c5 2. Nf3 d6 3. d4 cxd4 4. Nxd4 Nf6 5. Nc3 a6 6. Bc4 e6 7. Bb3 b5 8. Qf3 Qc7 9. 0-0 Be7 10. Re1 0-0 11. Qg3 Bd7 12. Bh6 Ne8 13. a4 Bf6 14. Be3 b4 15. Na2 Qb7 16. Rad1 Nc6 17. f4 Na5 1/2-1/2

[Event "Ruhrgebiet Verbandsliga Gruppe 1 1415"]
[Site "Germany"]
[Date "2015.03.29"]
[Round "8.4"]
[White "Berg, Dietmar"]
[Black "Greger, Helmut"]
[Result "1-0"]
[WhiteElo "1940"]
[BlackElo "1943"]
[PlyCount "63"]
[EventDate "2014.09.21"]
[EventType "team-tourn"]
[EventRounds "9"]
[EventCountry "GER"]
[SourceTitle "EXT 2022"]
[Source "ChessBase"]
[SourceDate "2021.10.06"]
[SourceVersion "1"]
[SourceVersionDate "2021.10.06"]
[SourceQuality "1"]
[WhiteTeam "Gladbeck SG"]
[BlackTeam "Steele/Kray Rochade"]
[WhiteTeamCountry "GER"]
[BlackTeamCountry "GER"]

1. d4 g6 2. e4 Bg7 3. Nc3 d6 4. Be3 Nf6 5. f3 0-0 6. Qd2 Re8 7. 0-0-0 c6 8. Bh6 Bh8 9. h4 Qa5 10. Kb1 Na6 11. Nge2 b5 12. Nc1 b4 13. N3e2 Rb8 14. h5 Qc7 15. hxg6 fxg6 16. Nf4 e6 17. g4 Qf7 18. Be2 Nc7 19. Nh3 Re7 20. Bf4 Rd7 21. Ng5 Qe7 22. Nb3 e5 23. Be3 Ne6 24. Bc4 Rd8 25. dxe5 d5 26. exf6 Qxf6 27. e5 Qxe5 28. Nd4 dxc4 29. Ngxe6 Bxe6 30. Bf4 Qf6 31. Bxb8 c3 32. Qh2 1-0

[Event "Ruhrgebiet Verbandsliga Gruppe 1 1415"]
[Site "Germany"]
[Date "2015.03.01"]
[Round "7.5"]
[White "Berg, Dietmar"]
[Black "Koth, Stefan"]
[Result "1/2-1/2"]
[WhiteElo "1940"]
[BlackElo "2003"]
[PlyCount "126"]
[EventDate "2014.09.21"]
[EventType "team-tourn"]
[EventRounds "9"]
[EventCountry "GER"]
[SourceTitle "EXT 2022"]
[Source "ChessBase"]
[SourceDate "2021.10.06"]
[SourceVersion "1"]
[SourceVersionDate "2021.10.06"]
[SourceQuality "1"]
[WhiteTeam "Gladbeck SG"]
[BlackTeam "Brambauer"]
[WhiteTeamCountry "GER"]
[BlackTeamCountry "GER"]

1. d4 d5 2. Nf3 Nf6 3. e3 Bf5 4. c4 e6 5. Nc3 c6 6. Bd3 Bxd3 7. Qxd3 Nbd7 8. 0-0 Be7 9. b3 0-0 10. Bb2 Rc8 11. e4 dxe4 12. Nxe4 Nxe4 13. Qxe4 Nf6 14. Qe2 Qa5 15. a3 Rfd8 16. Rfe1 h6 17. Ne5 Bd6 18. Nd3 Qf5 19. h3 Bc7 20. Rad1 Bb6 21. Ne5 Bc7 22. Nf3 Rd7 23. Ne5 Rdd8 24. Bc3 Bxe5 25. dxe5 Nd7 26. Rd6 Nf8 27. Red1 Rxd6 28. exd6 Nd7 29. Rd3 e5 30. Qd1 Re8 31. Rf3 Qh5 32. Qc2 Re6 33. Rd3 Qf5 34. b4 Rxd6 35. Rd2 Qxc2 36. Rxc2 Rd1+ 37. Kh2 f6 38. Kg3 Nb6 39. Bb2 Rd3+ 40. f3 Kf7 41. Bc1 Na4 42. Kf2 Rc3 43. Rxc3 Nxc3 44. Ke3 Na4 45. Kd3 Nb6 46. Be3 Nc8 47. h4 h5 48. a4 Ke6 49. a5 Kf5 50. b5 cxb5 51. cxb5 Ke6 52. Kc4 b6 53. a6 Kd6 54. g4 hxg4 55. fxg4 Ke6 56. h5 Kd6 57. g5 fxg5 58. Bxg5 Ke6 59. Be3 Kd6 60. Bg5 Ke6 61. Be3 Nd6+ 62. Kb4 Nc8 63. Kc4 Kd6 1/2-1/2

[Event "NRW Verbandsliga Group1 1314"]
[Site "Nordrheinwestfalen"]
[Date "2013.09.08"]
[Round "1"]
[White "Berg, Dietmar"]
[Black "Braun, Uwe"]
[Result "1-0"]
[WhiteElo "1927"]
[BlackElo "1858"]
[PlyCount "53"]
[EventDate "2013.09.08"]
[EventType "team-tourn"]
[EventRounds "9"]
[EventCountry "GER"]
[SourceTitle "EXT 2020"]
[Source "ChessBase"]
[SourceDate "2019.10.17"]
[SourceVersion "1"]
[SourceVersionDate "2019.10.17"]
[SourceQuality "1"]
[WhiteTeam "Gladbeck SG"]
[BlackTeam "Bottrop SV"]
[WhiteTeamCountry "GER"]
[BlackTeamCountry "GER"]

1. d4 d5 2. Nf3 Nf6 3. e3 e6 4. Bd3 Bd6 5. Nbd2 Nbd7 6. 0-0 0-0 7. Re1 Re8 8. e4 dxe4 9. Nxe4 Nxe4 10. Rxe4 h6 11. c3 b6 12. Ne5 Bb7 13. Nxd7 Bxe4 14. Bxe4 Qxd7 15. Bxa8 Rxa8 16. Qg4 Kh8 17. Be3 Qb5 18. Qe4 c6 19. Qc2 Rc8 20. Re1 Qh5 21. g3 c5 22. Qa4 cxd4 23. Bxd4 Bb8 24. Qd7 Rf8 25. Rxe6 Qh3 26. Qe7 Rg8 27. Qxf7 1-0

[Event "Ruhrgebiet Verbandsliga2 1112"]
[Site "Nordrheinwestfalen"]
[Date "2011.09.18"]
[Round "1.5"]
[White "Berg, Dietmar"]
[Black "Pothmann, Malte"]
[Result "0-1"]
[WhiteElo "1930"]
[BlackElo "1993"]
[PlyCount "62"]
[EventDate "2011.09.18"]
[EventType "team-tourn"]
[EventRounds "9"]
[EventCountry "GER"]
[SourceTitle "EXT 2020"]
[Source "ChessBase"]
[SourceDate "2019.10.17"]
[SourceVersion "1"]
[SourceVersionDate "2019.10.17"]
[SourceQuality "1"]
[WhiteTeam "Gladbeck SG"]
[BlackTeam "Hamm SVg"]
[WhiteTeamCountry "GER"]
[BlackTeamCountry "GER"]

1. d4 d5 2. Nf3 Nf6 3. e3 e6 4. Bd3 Bd6 5. Nbd2 Nbd7 6. 0-0 0-0 7. e4 e5 8. exd5 Nxd5 9. dxe5 Nxe5 10. Nxe5 Bxe5 11. Bxh7+ Kxh7 12. Qh5+ Kg8 13. Qxe5 Re8 14. Qd4 Bf5 15. c4 Nb4 16. Qc5 Bd3 17. Qxb4 Bxf1 18. Nxf1 Qd1 19. Qxb7 Rad8 20. Bg5 Qxa1 21. Bxd8 Re1 22. h3 Rxf1+ 23. Kh2 Qe1 24. Bxc7 Qxf2 25. Qa8+ Kh7 26. Qe4+ f5 27. Qe8 Qg1+ 28. Kg3 f4+ 29. Kh4 Qf2+ 30. Kh5 Qxg2 31. Qe6 g6+ 0-1

[Event "Ruhrgebiet Verbandsliga2 1011"]
[Site "Nordrheinwestfalen"]
[Date "2011.03.20"]
[Round "8.7"]
[White "Berg, Dietmar"]
[Black "Zatonskih, Tamara"]
[Result "1-0"]
[WhiteElo "1930"]
[BlackElo "1855"]
[PlyCount "81"]
[EventDate "2010.09.12"]
[EventType "team-tourn"]
[EventRounds "9"]
[EventCountry "GER"]
[SourceTitle "EXT 2020"]
[Source "ChessBase"]
[SourceDate "2019.10.17"]
[SourceVersion "1"]
[SourceVersionDate "2019.10.17"]
[SourceQuality "1"]
[WhiteTeam "Gladbeck SG"]
[BlackTeam "Muelheim Nord III"]
[WhiteTeamCountry "GER"]
[BlackTeamCountry "GER"]

1. d4 d5 2. Nf3 Nf6 3. e3 Bf5 4. c4 e6 5. Qb3 b6 6. Ne5 Bd6 7. Nc3 dxc4 8. Nxc4 0-0 9. Be2 c6 10. Bf3 Bg4 11. Nxd6 Qxd6 12. Ne4 Nxe4 13. Bxg4 Na6 14. 0-0 Qd5 15. Bf3 f5 16. Qa4 Nc7 17. Rd1 a5 18. Qc2 Ne8 19. b3 N8f6 20. Be2 b5 21. f3 Nd6 22. Bb2 a4 23. Ba3 Rfd8 24. Rdc1 Ra6 25. Qb2 Nd7 26. Bd1 e5 27. Bxd6 Qxd6 28. bxa4 bxa4 29. Be2 Rb6 30. Bc4+ Kf8 31. dxe5 Qxe5 32. Qa3+ c5 33. Rd1 Rb4 34. Rac1 Ke7 35. Qd3 Rb7 36. Bb5 Qe6 37. Bxa4 Qxa2 38. Qd6+ Kf7 39. Bc6 Ra7 40. Bd5+ Qxd5 41. Qxd5+ 1-0

[Event "Ruhrgebiet Verbandsliga2 1011"]
[Site "Nordrheinwestfalen"]
[Date "2010.12.05"]
[Round "4"]
[White "Berg, Dietmar"]
[Black "Wloka, Sebastian"]
[Result "1/2-1/2"]
[WhiteElo "1930"]
[BlackElo "1931"]
[PlyCount "95"]
[EventDate "2010.09.12"]
[EventType "team-tourn"]
[EventRounds "9"]
[EventCountry "GER"]
[SourceTitle "EXT 2020"]
[Source "ChessBase"]
[SourceDate "2019.10.17"]
[SourceVersion "1"]
[SourceVersionDate "2019.10.17"]
[SourceQuality "1"]
[WhiteTeam "Gladbeck SG"]
[BlackTeam "Eichlinghofen SV"]
[WhiteTeamCountry "GER"]
[BlackTeamCountry "GER"]

1. d4 d5 2. Nf3 Nf6 3. e3 Bf5 4. c4 e6 5. Nc3 c6 6. Bd3 Bxd3 7. Qxd3 Nbd7 8. 0-0 Bb4 9. Bd2 0-0 10. Nxd5 Nxd5 11. cxd5 Bxd2 12. dxe6 Bxe3 13. Qxe3 fxe6 14. Qxe6+ Kh8 15. Rfe1 Nf6 16. Ne5 Qc7 17. Rac1 Rad8 18. Rcd1 Nd5 19. Re4 Rf6 20. Qg4 Rfd6 21. Qe2 Nf6 22. Rh4 Re8 23. Rd3 Kg8 24. Re3 Qd8 25. Qc4+ Nd5 26. Rhe4 Rf8 27. Rg3 Rdf6 28. Rf3 Rxf3 29. Nxf3 h6 30. Qb3 Qd7 31. Re2 Kh8 32. Ne5 Qf5 33. Qc2 Qxc2 34. Rxc2 Kg8 35. Rd2 Rd8 36. h3 Nc7 37. Nf3 Nb5 38. Kf1 Kf7 39. Ke2 Nc7 40. Ne5+ Kf6 41. Nc4 Nd5 42. g3 Re8+ 43. Ne3 Nc7 44. Kd3 h5 45. Rc2 Re7 46. Rc5 g6 47. d5 Rd7 48. Ke4 1/2-1/2

[Event "Ruhrgebiet VL2 0910"]
[Site "Germany"]
[Date "2010.01.10"]
[Round "5.6"]
[White "Berg, Dietmar"]
[Black "Kuesgen, Dirk"]
[Result "1/2-1/2"]
[WhiteElo "2079"]
[BlackElo "1926"]
[PlyCount "44"]
[EventDate "2009.09.06"]
[EventType "team-tourn"]
[EventRounds "9"]
[EventCountry "GER"]
[SourceTitle "EXT 2011"]
[Source "ChessBase"]
[SourceDate "2010.11.26"]
[SourceVersion "1"]
[SourceVersionDate "2010.11.26"]
[SourceQuality "1"]
[WhiteTeam "Gladbeck SG"]
[BlackTeam "Bottrop"]
[WhiteTeamCountry "GER"]
[BlackTeamCountry "GER"]

1. d4 Nf6 2. Nf3 g6 3. Bg5 Bg7 4. Nbd2 d5 5. e3 0-0 6. Bd3 Bg4 7. h3 Bxf3 8. Qxf3 c6 9. 0-0 Nbd7 10. c3 e5 11. dxe5 Nxe5 12. Qe2 Nxd3 13. Qxd3 Qc7 14. Rfe1 Rad8 15. Qd4 c5 16. Qh4 Qc6 17. Nf3 Rfe8 18. Rad1 Re4 19. Qxe4 Nxe4 20. Bxd8 Qd7 21. Bh4 Qf5 22. Nd2 Bf6 1/2-1/2

[Event "Ruhrgebiet VL2 0910"]
[Site "Germany"]
[Date "2009.12.06"]
[Round "4.7"]
[White "Berg, Dietmar"]
[Black "Zachos, Ingo"]
[Result "0-1"]
[WhiteElo "2079"]
[BlackElo "2026"]
[PlyCount "132"]
[EventDate "2009.09.06"]
[EventType "team-tourn"]
[EventRounds "9"]
[EventCountry "GER"]
[SourceTitle "EXT 2011"]
[Source "ChessBase"]
[SourceDate "2010.11.26"]
[SourceVersion "1"]
[SourceVersionDate "2010.11.26"]
[SourceQuality "1"]
[WhiteTeam "Gladbeck SG"]
[BlackTeam "Eichlinghofen SV"]
[WhiteTeamCountry "GER"]
[BlackTeamCountry "GER"]

1. d4 d6 2. e4 Nf6 3. Nc3 g6 4. f3 c6 5. Be3 b5 6. Qd2 Nbd7 7. Bd3 Bg7 8. Bh6 Bxh6 9. Qxh6 Qb6 10. Nce2 c5 11. c3 a6 12. Nh3 b4 13. Bc4 bxc3 14. bxc3 cxd4 15. Qg7 Rf8 16. Ng5 Ne5 17. Bd5 dxc3 18. Bxa8 Nd3+ 19. Kd1 Nf2+ 20. Ke1 Nd3+ 21. Kd1 Nf2+ 22. Ke1 Nxh1 23. Kd1 Nf2+ 24. Ke1 Nd3+ 25. Kd1 Qb2 26. Bc6+ Bd7 27. Bxd7+ Nxd7 28. Qxc3 N7c5 29. Qxb2 Nxb2+ 30. Kc2 Nc4 31. Kc3 Ne5 32. Kd4 Kd7 33. Rb1 h6 34. Nh3 Rc8 35. Nf2 Ne6+ 36. Ke3 Rc2 37. Ra1 Nc5 38. f4 Nc4+ 39. Kf3 Nd2+ 40. Ke3 Nc4+ 41. Kf3 Rb2 42. Nc3 Ne6 43. Ne2 Na3 44. Nd1 Rd2 45. Ndc3 Rd3+ 46. Kf2 Nxf4 47. Nxf4 Rxc3 48. Nd5 Rc2+ 49. Kf3 Nc4 50. Nb4 Rc3+ 51. Kf2 a5 52. Nd5 Rc2+ 53. Kf3 e6 54. Nf6+ Kc6 55. Ng8 h5 56. Kg3 Ne5 57. Nf6 a4 58. Ne8 a3 59. Rd1 Nc4 60. Rf1 Ne5 61. Rd1 Rxa2 62. Rxd6+ Kc5 63. Ra6 Nc4 64. Ra7 Rb2 65. Rxf7 a2 66. Ra7 Rb3+ 0-1

[Event "Ruhrgebiet VL2 0910"]
[Site "Germany"]
[Date "2009.10.25"]
[Round "3.6"]
[White "Berg, Dietmar"]
[Black "Steger, Wolfgang"]
[Result "1-0"]
[WhiteElo "2079"]
[BlackElo "1886"]
[PlyCount "47"]
[EventDate "2009.09.06"]
[EventType "team-tourn"]
[EventRounds "9"]
[EventCountry "GER"]
[SourceTitle "EXT 2011"]
[Source "ChessBase"]
[SourceDate "2010.11.26"]
[SourceVersion "1"]
[SourceVersionDate "2010.11.26"]
[SourceQuality "1"]
[WhiteTeam "Gladbeck SG"]
[BlackTeam "Linden"]
[WhiteTeamCountry "GER"]
[BlackTeamCountry "GER"]

1. c4 Nf6 2. Nc3 d5 3. cxd5 Nxd5 4. g3 g6 5. Bg2 c6 6. Qb3 Nb6 7. d3 Bg7 8. Be3 0-0 9. h4 h5 10. Nh3 Be6 11. Qc2 Nd5 12. Bd2 Bxh3 13. Rxh3 e5 14. Nxd5 cxd5 15. Qb3 e4 16. dxe4 Nc6 17. exd5 Nd4 18. Qd1 Re8 19. e3 Qc8 20. Rc1 Qf5 21. Bc3 Rac8 22. a4 b5 23. Kf1 Rxe3 24. g4 1-0

[Event "Ruhrgebiet Regionalliga 0708"]
[Site "Germany"]
[Date "2007.11.25"]
[Round "3.6"]
[White "Sewarte, Udo"]
[Black "Berg, Dietmar"]
[Result "1/2-1/2"]
[WhiteElo "1952"]
[BlackElo "2033"]
[PlyCount "34"]
[EventDate "2007.09.16"]
[EventType "team"]
[EventRounds "9"]
[EventCountry "GER"]
[SourceTitle "EXT 2009"]
[Source "ChessBase"]
[SourceDate "2008.11.26"]
[SourceVersion "1"]
[SourceVersionDate "2008.11.26"]
[SourceQuality "1"]
[WhiteTeam "Hamm "]
[BlackTeam "Gladbeck SG"]
[WhiteTeamCountry "GER"]
[BlackTeamCountry "GER"]

1. d4 d5 2. Nf3 c6 3. g3 Bf5 4. Bg2 Nf6 5. Nbd2 h6 6. e3 e6 7. Ne5 Bd6 8. Nd3 Nbd7 9. Qe2 0-0 10. 0-0 e5 11. dxe5 Nxe5 12. Nxe5 Bxe5 13. Nf3 Bc7 14. Nd4 Bg6 15. c3 Re8 16. b4 Ne4 17. Bb2 Qe7 1/2-1/2

[Event "Ruhrgebiet Regionalliga 0405"]
[Site "Ruhrgebiet"]
[Date "2005.02.06"]
[Round "6.5"]
[White "Richter, Rainer"]
[Black "Berg, Dietmar"]
[Result "1-0"]
[WhiteElo "2048"]
[BlackElo "2008"]
[PlyCount "57"]
[EventDate "2004.09.19"]
[EventType "team"]
[EventRounds "9"]
[EventCountry "GER"]
[SourceTitle "EXT 2006"]
[Source "ChessBase"]
[SourceDate "2005.11.24"]
[SourceVersion "1"]
[SourceVersionDate "2005.11.24"]
[SourceQuality "1"]
[WhiteTeam "Essen Ueberruhr"]
[BlackTeam "Gladbeck SG"]
[WhiteTeamCountry "GER"]
[BlackTeamCountry "GER"]

1. d4 Nf6 2. Nf3 c6 3. c3 d5 4. Bg5 Bf5 5. Nbd2 Nbd7 6. e3 h6 7. Bh4 e6 8. Ne5 Be7 9. Ndf3 Qc7 10. Nxd7 Nxd7 11. Bxe7 Kxe7 12. Bd3 Bxd3 13. Qxd3 Rae8 14. 0-0 Kd8 15. c4 Qd6 16. b4 Rhf8 17. b5 cxb5 18. cxb5 f5 19. Rac1 Ke7 20. Qc3 Qb8 21. Qa3+ Kf6 22. Rc3 Rc8 23. Rfc1 g5 24. h3 g4 25. hxg4 fxg4 26. Ne5 Nxe5 27. dxe5+ Kf5 28. Qb4 Kxe5 29. Rxc8 1-0